LEADER 04104nam 22005415 450 001 9910254065003321 005 20250411135207.0 010 $a3-319-32789-5 024 7 $a10.1007/978-3-319-32789-1 035 $a(CKB)3710000000765130 035 $a(DE-He213)978-3-319-32789-1 035 $a(MiAaPQ)EBC4614806 035 $a(PPN)194515435 035 $a(EXLCZ)993710000000765130 100 $a20160727d2016 u| 0 101 0 $aeng 135 $aurnn#008mamaa 181 $ctxt$2rdacontent 182 $cc$2rdamedia 183 $acr$2rdacarrier 200 10$aPrior Processes and Their Applications $eNonparametric Bayesian Estimation /$fby Eswar G. Phadia 205 $a2nd ed. 2016. 210 1$aCham :$cSpringer International Publishing :$cImprint: Springer,$d2016. 215 $a1 online resource (XVII, 327 p. 1 illus. in color.) 225 1 $aSpringer Series in Statistics,$x2197-568X 311 08$a3-319-32788-7 320 $aIncludes bibliographical references and index. 327 $aPrior Processes -- Inference Based on Complete Data -- Inference Based on Incomplete Data. . 330 $aThis book presents a systematic and comprehensive treatment of various prior processes that have been developed over the past four decades for dealing with Bayesian approach to solving selected nonparametric inference problems. This revised edition has been substantially expanded to reflect the current interest in this area. After an overview of different prior processes, it examines the now pre-eminent Dirichlet process and its variants including hierarchical processes, then addresses new processes such as dependent Dirichlet, local Dirichlet, time-varying and spatial processes, all of which exploit the countable mixture representation of the Dirichlet process. It subsequently discusses various neutral to right type processes, including gamma and extended gamma, beta and beta-Stacy processes, and then describes the Chinese Restaurant, Indian Buffet and infinite gamma-Poisson processes, which prove to be very useful in areas such as machine learning, information retrieval and featural modeling. Tailfree and Polya tree and their extensions form a separate chapter, while the last two chapters present the Bayesian solutions to certain estimation problems pertaining to the distribution function and its functional based on complete data as well as right censored data. Because of the conjugacy property of some of these processes, most solutions are presented in closed form. However, the current interest in modeling and treating large-scale and complex data also poses a problem ? the posterior distribution, which is essential to Bayesian analysis, is invariably not in a closed form, making it necessary to resort to simulation. Accordingly, the book also introduces several computational procedures, such as the Gibbs sampler, Blocked Gibbs sampler and slice sampling, highlighting essential steps of algorithms while discussing specific models. In addition, it features crucial steps of proofs and derivations, explains the relationships between different processes and provides further clarifications to promote a deeper understanding. Lastly, it includes a comprehensive list of references, equipping readers to explore further on their own. . 410 0$aSpringer Series in Statistics,$x2197-568X 606 $aStatistics 606 $aBiometry 606 $aStatistics 606 $aStatistical Theory and Methods 606 $aBiostatistics 606 $aStatistics in Engineering, Physics, Computer Science, Chemistry and Earth Sciences 615 0$aStatistics. 615 0$aBiometry. 615 0$aStatistics. 615 14$aStatistical Theory and Methods. 615 24$aBiostatistics. 615 24$aStatistics in Engineering, Physics, Computer Science, Chemistry and Earth Sciences. 676 $a519.5 700 $aPhadia$b Eswar G$4aut$4http://id.loc.gov/vocabulary/relators/aut$0756045 906 $aBOOK 912 $a9910254065003321 996 $aPrior processes and their applications$91523579 997 $aUNINA